000 00704cam a2200265 i 4500
001 768714001
003 CO-MdFUSB
005 20240615113735.0
007 ta
008 240615t1923 -us||||| |||| 00| 0 eng d
040 _cCO-MdFUSB
041 0 _aspa
082 0 4 _223
_a234.1
_bF6991g
100 1 _aFord, Sara Rochester
_eautor
245 1 0 _aGracia ; o amor y principio
_c/ Sara Rochester de Ford ; Traductor por E. G. Dominguez
264 1 _bCasa Bautista de Publicaciones,
_aEl Paso, Tx., USA :
_c[1923]
264 4 _c©1923
300 _a514 Pag
336 _atexto
_btxt
337 _asin mediación
_bn
338 _avolumen
_bnc
653 _aGracia
942 _cBK
945 _aMiguel
999 _c34822
_d34822